El príncipe del bosque (Record no. 637)

MARC details
000 -CABECERA
campo de control de longitud fija 01448nam a22002774c 4500
003 - IDENTIFICADOR DE NUMERO DE CONTROL
campo de control AR-BaSMT
008 - CAMPOS DE LONGITUD FIJA
campo de control de longitud fija 230616t2025 aga|||br|||| 00| 1 spa d
020 ## - ISBN: Indicadores indefinidos
Número ISBN 9789504990789
040 ## - FUENTE DE CATALOGACION
Agencia de catalogación original BSGB
Idioma de catalogación español
Agencia que realiza la transcripción BSGB
Convenciones de la descripción rda
041 0# - CODIGO DE IDIOMA
Código idioma spa
Idioma original español
080 ## - CDU
CDU completo 82-31
100 1# - PUNTO DE ACCESO PRINCIPAL
Nombre de persona Bonelli, Florencia
Enlace autoridades 470
245 13 - MENCION DE TITULO
Título El príncipe del bosque
250 ## - MENCION DE EDICION
Mención de edición primera edición
264 ## - PRODUCCIÓN, PUBLICACIÓN, DISTRIBUCIÓN, ETC.
Lugar de publicación, etc. Buenos Aires :
Nombre editor. Planeta,
Fecha 2025
300 ## - DESCRIPCION FISICA
Extensión 72 páginas :
Otros detalles físicos ilustraciones color
336 ## - TIPO DE CONTENIDO
rdacontent rdacontent
texto texto
txt txt
337 ## - TIPO DE MEDIO
rdamedia rdamedia
sin mediación sin mediación
n n
338 ## - TIPO DE SOPORTE
rdacarrier rdacarrier
volumen volumen
nc nc
520 1# - NOTA DE SUMARIO, RESUMEN, ETC.
Toda la nota Una historia sobre la amistad y el valor de la verdad.<br/>Alertado por su mejor amiga Emma, el príncipe Gabriel debe huir al bosque mágico con su perra Gypsy, para escapar de quienes derrocaron a su padre, el rey Kael del Reino de la Alegría.<br/>En el bosque no solo deberá ganarse la confianza de los animales que allí habitan y del sabio ombú, sino que también tendrá que aprender a oír y a observar, hasta que llegue el momento de recuperar lo que le fue arrebatado.<br/>En esta historia de amistad, humildad y valentía, Florencia Bonelli nos sumerge en un universo mágico y nos recuerda el valor de la verdad y de luchar por lo que creemos correcto.
URL, URI, etc. Portada
521 ## - NOTA DE PÚBLICO DESTINATARIO
Nota de audiencia A partir de 9 años
650 #7 - PUNTO DE ACCESO ADICIONAL DE MATERIA – TÉRMINO TEMÁTICO
Enlace autoridades 8
Término de materia o nombre geográfico como elemento de entrada LITERATURA INFANTIL
700 1# - PUNTO DE ACCESO ADICIONAL – NOMBRE DE PERSONA
Apellido, Nombre Morón, Martín
Término relacionador: Ilustrador
Enlace autoridades 386
942 ## - ELEMENTOS AGREGADOS (KOHA)
CDU Clasificación Decimal Dewey
Tipo de ítem Libros
Holdings
Disponible Perdido Fuente de clasificación Estado Ubicación permanente Locación actual Estante o sala Fuente de adquisición Número de inventario Total préstamos Signatura topográfica Código de barras Numero de ejemplar Tipo de item de Koha Calificador de localización códificado
    Clasificación Decimal Dewey   Biblioteca Susana G. De Batemarco Biblioteca Susana G. De Batemarco Celeste Compra 000881   82-31 BON 000881 1 Libros  

Powered by Koha